England's Top Scorers in FIFA World Cup - Statistics

General Stats
  • This quiz has been taken 325 times
    88 since last reset
  • The average score is 12 of 26
Answer Stats
Hint Answer % Correct
2018 Harry Kane
100%
2014 Wayne Rooney
94%
1986 Gary Lineker
84%
1990 Gary Lineker
84%
1998 Michael Owen
81%
2002 Michael Owen
81%
2006 Steven Gerrard
76%
2010 Steven Gerrard
76%
1998 Alan Shearer
69%
1966 Geoff Hurst
66%
1970 Geoff Hurst
66%
Bukayo Saka
63%
2022 Marcus Rashford
59%
2010 Jermaine Defoe
49%
2014 Daniel Sturridge
46%
1982 Bryan Robson
29%
1970 Martin Peters
20%
2010 Matthew Upson
20%
1954 Nat Lofthouse
14%
1982 Trevor Francis
13%
1950 Stan Mortensen
11%
1970 Allan Mullery
10%
1970 Allan Clarke
6%
1962 Ron Flowers
4%
1950 Wilf Mannion
4%
1958 Derek Kevan
3%
No matching quizzes found
Score Distribution
Percent of People with Each Score
Percentile by Number Answered
Your Score History
You have not taken this quiz since the last reset